Spell the Marvel Character #137 - Statistics

General Stats
  • This quiz has been taken 13 times
  • The average score is 8 of 9
Answer Stats
Picture Answer % Correct
Echo
100%
Red She-Hulk
100%
Armor
90%
Ikaris
90%
Yellowjacket
90%
Karma
80%
Valeria Richards
80%
Valkyrie
80%
Lady Fantomex
70%
No matching quizzes found
Score Distribution
Percent of People with Each Score
Percentile by Number Answered
Your Score History
You have not taken this quiz